|
|
|
|
| LEADER |
006920000a22002170004500 |
| 020 |
|
|
|a 81-224-0976-8
|
| 082 |
|
|
|a 574.192 SAD
|
| 100 |
|
|
|a Manickam, A
|f Editor
|9 37864
|
| 100 |
|
|
|a Sadasivam, S
|9 132033
|
| 245 |
|
|
|a Biochemical methods:
|
| 250 |
|
|
|a Ed.2
|
| 260 |
|
|
|a Coimbatore, Tamil Nadu agricultureal University & New Age New Delhi
|
| 260 |
|
|
|c 1996
|
| 650 |
|
|
|a Biochemistry
|9 132034
|
| 650 |
|
|
|a Carbo Hydrates
|9 132035
|
| 650 |
|
|
|a Enzymes
|9 132036
|
| 650 |
|
|
|a Plant hormones
|9 132037
|
| 650 |
|
|
|a Vitamins
|9 59638
|
| 942 |
|
|
|c BK
|
| 999 |
|
|
|c 176256
|d 176252
|
| 952 |
|
|
|0 0
|1 0
|4 0
|6 574_192000000000000_SAD
|7 0
|9 174662
|a SES
|b SES
|d 2019-05-16
|l 0
|o 574.192 SAD
|p SES00520
|r 2019-05-16
|w 2019-05-16
|y BK
|